Writing on the Gospel of Mark /

This thorough manual for advanced students and their supervisors, and anyone researching or writing on the Gospel of Mark, is the opening volume in an important new series of Guides to Advanced Biblical Research. Together with an essay on the current state of research and a discussion of the future...

وصف كامل

محفوظ في:

المؤلف الرئيسي: Telford, W.R. (مؤلف)

التنسيق: كتاب الكتروني

اللغة: English

منشور في: Leiden, Boston : BRILL, 2009.

سلاسل: Guides to Advanced Biblical Research 1.
Deo Publishing, Religion and Theology Special E-Book Collection, 1999-2017, ISBN: 9789004401549.

الموضوعات:

الوصول للمادة أونلاين: Login to view Source

الوسوم: إضافة وسم

لا توجد وسوم, كن أول من يضع وسما على هذه التسجيلة!

رقم الطلب: BS2586

LEADER 02338cam a2200457Ii 4500
001 BRILL9789004397569
003 nllekb
005 20210602101456.0
006 m d
007 cr un uuuua
008 190426s2009 gw sb 001 0 eng d
020 |a 9789004397569  |q (electronic book) 
020 |z 9789058540096  |q (print) 
024 7 |a 10.1163/9789004397569  |2 DOI 
035 |a (OCoLC)465463324 
040 |a NL-LeKB  |c NL-LeKB  |e rda 
050 4 |a BS2586 
072 7 |a HRCG  |2 bicssc 
072 7 |a REL  |x 006400  |2 bisacsh 
082 0 4 |a 226.306  |2 23 
100 1 |a Telford, W.R.,  |e author. 
245 1 0 |a Writing on the Gospel of Mark /  |c W.R. Telford. 
264 1 |a Leiden,   |a Boston :  |b BRILL,  |c 2009. 
300 |a 1 online resource. 
336 |a text  |b txt  |2 rdacontent 
337 |a computer  |b c  |2 rdamedia 
338 |a online resource  |2 rdacarrier 
490 0 |a Guides to Advanced Biblical Research;  |v v.1 
490 0 |a Deo Publishing, Religion and Theology Special E-Book Collection, 1999-2017, ISBN: 9789004401549 
504 |a Includes bibliographical references and index. 
505 0 0 |a Preliminary Material -- Acknowledgments -- Preface -- State of Scholarship -- Sample Exegeses and Readings -- Classified/Annotated Bibliography -- Future of Research -- Index of Authors -- Index of Markan References. 
520 |a This thorough manual for advanced students and their supervisors, and anyone researching or writing on the Gospel of Mark, is the opening volume in an important new series of Guides to Advanced Biblical Research. Together with an essay on the current state of research and a discussion of the future of Markan study, it provides a chrestomathy of samples of Markan research together with a review of recent dissertations and a full, annotated bibliography. 
650 0 |a Hermeneutics. 
650 0 |a Study skills. 
776 0 8 |i Print version:  |t Writing on the Gospel of Mark  |d Leiden, Boston : BRILL, 2009,  |z 9789058540096 
830 0 |a Guides to Advanced Biblical Research  |v 1. 
830 0 |a Deo Publishing, Religion and Theology Special E-Book Collection, 1999-2017, ISBN: 9789004401549. 
856 4 |z DOI:   |u http://dx.doi.org/10.1163/9789004397569 
942 |c EBOOK 
952 |0 0  |1 0  |4 0  |7 1  |9 14412  |a BRILL  |b BRILL  |d 2021-06-02  |l 0  |r 2021-06-02 00:00:00  |w 2021-06-02  |y EBOOK 
999 |c 35862  |d 35862